000 00418nam a22001697a 4500
005 20180801155919.0
008 160614b xxu||||| |||| 00| 0 eng d
020 _a978-0-07-462264-3
041 _aeng
082 _b7374
_a658.3
100 _aMonappa, Arun and Saiyadain, Mirza s
_94681
245 _aPersonal Management
260 _bTMH
_c2009
_adelhi
300 _a400p,
650 _aManagement
_9241
942 _cBK
999 _c2627
_d2626